Biblioteka Instytutu Północnego w Olsztynie

Przedwojenne muzea regionalne z terenu dawnych Prus Wschodnich i losy ich kolekcji / (Rekord nr 27050)

Szczegóły MARC
000 -Nagłówek
fixed length control field 02356nam a2200517 i 4500
001 - Nr kontrolny bibl., która utworzyła rek.
control field xx005912315
003 - Siglum bibl., której nr kontr. jest w 001
control field NUKAT
005 - Data i czas ostatniej operacji
control field 20260317132819.0
008 - Elementy pola stałej długości
fixed length control field 260317s2025 pl a |000 0 pol c
020 ## - ISBN
ISBN 9788396397133
dopowiedzenie (oprawa miękka)
035 ## - Systemowy numer kontrolny
systemowy numer kontrolny (NUKAT)xx005912315
040 ## - Instytucja sporządzająca opis
Instytucja, która sporządziła opis OLSZT 008/bak
język katalgowania-trzyzn. kod pol
zasady opisu rda
Instytucja, która sporządziła rekord OLSZT 008/bak
041 1# - Kod nazwy języka dokumentu
Język tekstu pol
-- eng
Język streszczeń eng
Language code of original pol
045 2# - Okres czasu dla zawartości
czas między r. 9999 pne a nasz. czas. d1918
-- d1939
046 ## - Kod rodz. daty, data1, data2 (daty pne)
Begin/single date 2025
099 ## - Dowolny opis lokalny sygnatury
symbol klasyfikacji hh_577867
245 00 - Tytuł właściwy i oznaczenie odpow.
tytuł Przedwojenne muzea regionalne z terenu dawnych Prus Wschodnich i losy ich kolekcji /
dod. inf. ze s. tyt./ozn. odpow. redakcja Alicja Dobrosielska, Kacper Martyka ; tłumaczenie na język angielski Jarosław Solmiński ; Stowarzyszenie Naukowe Archeologów Polskich Oddział w Olsztynie, Towarzystwo Naukowe Pruthenia.
260 ## - Adres wydawniczy
miejsce wydania, dystrybucji itp. Olsztyn :
nazwa wydawcy, dystrybutora itp. Stowarzyszenie Naukowe Archeologów Polskich Oddział w Olsztynie :
-- Oficyna Wydawnicza Towarzystwa Naukowego Pruthenia,
data wydania, dystrybucji itp. 2025.
300 ## - Opis fizyczny
objętość i/lub forma materiału 336 stron :
inne szczegóły opisu fizycznego ilustracje ;
format 30 cm.
336 ## - Content Type
Term Tekst
Code txt
Source rdacontent
337 ## - Media Type
Term Bez urządzenia pośredniczącego
Code n
Source rdamedia
338 ## - Carrier Type
Term Wolumin
Code nc
Source rdacarrier
380 ## - Form of work
Form of work Książki
380 ## - Form of work
Form of work Publikacje naukowe
388 1# - TIME PERIOD OF CREATION
Time period of creation term 2001-
490 1# - Tytuł serii i ks. wielotom.-nie do wysz.
oznaczenie serii Pruthenia Antiqua : studia do pradziejów i wczesnej historii ziem pruskich
numer woluminu vol. 3
500 ## - Uwaga ogólna
uwaga ogólna Nazwa tłumacza na stronie redakcyjnej.
504 ## - Uwaga o bibliografii
uwaga o bibliografii Bibliografie przy pracach.
546 ## - Uwaga o języku opisywanego materiału
uwaga o języku Wstęp równolegle w języku polskim i tłumaczeniu angielskim; streszczenia w języku angielskim.
648 #7 - SUBJECT ADDED ENTRY--CHRONOLOGICAL TERM
Chronological term 1901-2000
Source of heading or term DBN
9 (RLIN) 34996
648 #7 - SUBJECT ADDED ENTRY--CHRONOLOGICAL TERM
Chronological term 1918-1939
Source of heading or term DBN
9 (RLIN) 36041
650 #7 - Hasło przedmiotowe-nazwa pospolita
nazwa pospolita lub geogr. Muzea regionalne
źródło hasła DBN
9 (RLIN) 36737
650 #7 - Hasło przedmiotowe-nazwa pospolita
nazwa pospolita lub geogr. Zbiory muzealne
źródło hasła DBN
9 (RLIN) 36740
651 #7 - Hasło przedmiotowe-nazwa geogr.
nazwa geograficzna Prusy Wschodnie
źródło hasła DBN
9 (RLIN) 35154
655 #7 - Termin określający rodzaj/formę
rodzaj/forma Praca zbiorowa
źródło terminu DBN
9 (RLIN) 35107
658 ## - Nazwa określająca cel programu nauczania
główny cel programu nauczania Bibliotekarstwo, archiwistyka, muzealnictwo
658 ## - Nazwa określająca cel programu nauczania
główny cel programu nauczania Historia
700 1# - Hasło dodatkowe - nazwa osobowa
nazwa osobowa Dobrosielska, Alicja.
rodzaj współpracy Redakcja
9 (RLIN) 23547
700 1# - Hasło dodatkowe - nazwa osobowa
nazwa osobowa Martyka, Kacper.
rodzaj współpracy Redakcja
9 (RLIN) 38245
700 1# - Hasło dodatkowe - nazwa osobowa
nazwa osobowa Solmiński, Jarosław.
rodzaj współpracy Tłumaczenie
9 (RLIN) 19964
710 2# - Hasło dodatkowe - nazwa ciała zbior.
nazwa ciała zbior. lub nazwa geogr. Stowarzyszenie Naukowe Archeologów Polskich.
nazwa jednostki podrzędnej Oddział (Olsztyn).
rodzaj współpracy Instytucja sprawcza
-- Wydawca
kod rodzaju współpracy pbl
9 (RLIN) 38244
710 2# - Hasło dodatkowe - nazwa ciała zbior.
nazwa ciała zbior. lub nazwa geogr. Stowarzyszenie Miłośników Historii i Kultury Prusów "Pruthenia".
rodzaj współpracy Instytucja sprawcza
-- Wydawca
kod rodzaju współpracy pbl
9 (RLIN) 18716
830 #0 - Hasło dod. serii i op. ks. wielotom. -tyt
tytuł Pruthenia Antiqua
oznaczenie tomu vol. 3
9 (RLIN) 23350
920 ## - ISBN
ISBN 978-83-963971-3-3 (oprawa miękka)
942 ## - ADDED ENTRY ELEMENTS (KOHA)
Source of classification or shelving scheme Dewey Decimal Classification
Koha item type pozycje dostępne na miejscu
Egzemplarze
Status wycofania Status zagubienia Klasyfikacja Status uszkodzenia Blokada wypożyczeń Kolekcja Lokalizacja macierzysta Lokalizacja bieżąca Data nabycia Numer akcesji Źródło akcesji Cena Nr inwentarzowy il. wypożyczeń Sygnatura Kod kreskowy Date last seen Price effective from Typ egz.
    Dewey Decimal Classification nieuszkodzona   książka w magazynie Biblioteka Instytutu Północnego w Olsztynie Biblioteka Instytutu Północnego w Olsztynie 10/03/2026 D-23/2026 dar 34.00 73866   73866 IPWK22072 17/03/2026 17/03/2026 pozycje dostępne na miejscu
Biblioteka Instytutu Północnego, ul. Partyzantów 87, 10-402 Olsztyn, email: biblioteka(at)ip.olsztyn.pl